History Quiz

Random History or Art Quiz

Centuries of Art Minefield Quiz Stats

 Plays Quiz Updated Jan 2, 2016

Challenge
Share
Tweet
Embed
Score 0/9 Timer 03:00
0 Plays Today
% Correct
???
95.7%
???
90.8%
???
75.5%
???
50.8%
???
47.1%
???
32%
???
28.7%
???
14.5%
???
13.9%

You're not logged in!

Compare scores with friends on all Sporcle quizzes.
OR
Log In

You Might Also Like...

Show Comments

Extras

Top Quizzes Today


Score Distribution

Your Account Isn't Verified!

In order to create a playlist on Sporcle, you need to verify the email address you used during registration. Go to your Sporcle Settings to finish the process.

Report this User

Report this user for behavior that violates our Community Guidelines.

Details: